000 00511nam a2200205Ia 4500
003 OSt
005 20230608163544.0
008 210210b2012 xxu||||| |||| 00| 0 eng d
040 _cAL
041 _aeng
082 _a658.001 SHIM
100 _aSHISHILA (B Prabhakara)
_9122951
245 _aManagerial economics
260 _aMangalore
_bUnited Publishers
_c2012
300 _avii,225
650 _aIII SEM BBM
_9122952
690 _aManagerial Economics
_9122953
906 _a067462
942 _2ddc
_cBK
999 _c150223
_d150223